000 01510nam a2200349 a 4500
001 ebr10176664
003 CaPaEBR
006 m u
007 cr cn|||||||||
008 061128s2007 vaua sb 001 0 eng
010 _z 2006039303
020 _z9781416605584 (pbk. : alk. paper)
020 _z1416605584 (pbk. : alk. paper)
040 _aCaPaEBR
_cCaPaEBR
035 _a(OCoLC)162146053
050 1 4 _aLB1050.455
_b.O35 2007eb
082 0 4 _a300.71/2
_222
100 1 _aOgle, Donna.
245 1 0 _aBuilding literacy in social studies
_h[electronic resource] :
_bstrategies for improving comprehension and critical thinking /
_cDonna Ogle, Ron Klemp, Bill McBride.
260 _aAlexandria, Va. :
_bASCD, Association for Supervision and Curriculum Development,
_cc2007.
300 _avi, 218 p. :
_bill.
504 _aIncludes bibliographical references (p. 209-214) and index.
533 _aElectronic reproduction.
_bPalo Alto, Calif. :
_cebrary,
_d2013.
_nAvailable via World Wide Web.
_nAccess may be limited to ebrary affiliated libraries.
650 0 _aContent area reading.
650 0 _aSocial sciences
_xStudy and teaching (Middle school)
650 0 _aSocial sciences
_xStudy and teaching (Secondary)
655 7 _aElectronic books.
_2local
700 1 _aKlemp, Ronald M.
700 1 _aMcBride, Bill,
_d1953-
710 2 _aebrary, Inc.
856 4 0 _uhttp://site.ebrary.com/lib/rucke/Doc?id=10176664
_zAn electronic book accessible through the World Wide Web; click to view
999 _c140034
_d140034